000
00321nam a2200133Ia 4500
100
_a
Raman/Lakshmi G
942
_c
BK
654
_a
telecommunication
245
_a
Fundamentals of Telecommunication network management
260
_b
Prentice Hall
_c
2000
082
_a
621.382
_b
RAM
300
_a
335
546
_a
ENGLISH
999
_c
21439
_d
21439